| 000 | 00654pam a2200229 a 4500 | ||
|---|---|---|---|
| 001 | 3351368 | ||
| 005 | 20180820043554.0 | ||
| 008 | 860703s1987 mdua b 001 0 eng c | ||
| 010 | _a 86015936 | ||
| 020 | _a0683089269 | ||
| 040 |
_aDNLM/DLC _cDLC _dDLC |
||
| 041 | _aeng | ||
| 060 | _aWV 500 W427c | ||
| 080 | _a616.855 | ||
| 082 | 0 | 0 |
_a616.855 _219 |
| 100 | 1 | _a3 | |
| 101 | _aSHM | ||
| 245 | 1 | 0 |
_aClinical management of articulatory and phonologic disorders / _cCurtis E. Weiss, Mary E. Gordon, Herold S. Lillywhite. |
| 504 | _aIncludes bibliographies and index. | ||
| 906 |
_a7 _bcbc _corignew _d1 _eocip _f19 _gy-gencatlg |
||
| 942 |
_2ddc _cBK |
||
| 999 |
_c47221 _d47221 |
||